Statistics for Dinamo Zagreb Managers

Click here to take the quiz!

General Stats

  • This quiz has been taken 133 times
    (38 since last reset)
  • The average score is 22 of 50

Answer Stats

TenureManager% Correct
1992-94Miroslav Blažević
94%
2002-03Miroslav Blažević
94%
2013-16Zoran Mamić
92%
2020-21Zoran Mamić
92%
2022-23Ante Čačić
86%
2011-12Ante Čačić
86%
2023-Igor Bišćan
78%
2021Damir Krznar
72%
interimDamir Krznar
72%
2018-20Nenad Bjelica
67%
2011Krunoslav Jurčić
61%
2012-13Krunoslav Jurčić
61%
2009-10Krunoslav Jurčić
61%
2005-06Josip Kuže
56%
2021-22Željko Kopić
56%
2016Zlatko Kranjčar
56%
1998Zlatko Kranjčar
56%
1994-96Zlatko Kranjčar
56%
2016-17Ivaylo Petev
50%
2020Igor Jovićević
44%
2010-11Vahid Halilhodžić
44%
2013Branko Ivanković
42%
2008Branko Ivanković
42%
2006-08Branko Ivanković
42%
interimŽeljko Sopić
39%
2008Zvonimir Soldo
39%
2005Ilija Lončarević
36%
1999Ilija Lončarević
36%
2001-02Ilija Lončarević
36%
1999Osvaldo Ardiles
36%
2010Velimir Zajec
36%
1998-99Velimir Zajec
36%
2017-18Mario Cvitanović
33%
2018Nikola Jurčević
33%
2003-04Nikola Jurčević
33%
1996-97Otto Barić
31%
1997-98Marijan Vlak
28%
2008-09Marijan Vlak
28%
2002Marijan Vlak
28%
1999-00Marijan Vlak
28%
1992Vlatko Marković
22%
2004Nenad Gračan
19%
2011Marijo Tot
17%
2004Đuro Bago
8%
2005Zvjezdan Cvetković
8%
2000-01Hrvoje Braović
6%
1994Ivan Bedi
6%
1998Ivan Bedi / Hrvoje Braović
6%
interimSreten Ćuk
6%
1991-92Zdenko Kobeščak
6%

Score Distribution

Percentile by Number Answered

Percent of People with Each Score

Your Score History

You have not taken this quiz since the last reset